Rollmark- A new device for marking bark consumption before tapping (Record no. 67233)

MARC details
000 -LEADER
fixed length control field 00408nam a2200133Ia 4500
100 ## - MAIN ENTRY--AUTHOR NAME
Personal name Kiang W T
245 #0 - TITLE STATEMENT
Title Rollmark- A new device for marking bark consumption before tapping
260 ## - PUBLICATION, DISTRIBUTION, ETC. (IMPRINT)
Name of publisher Proceedings of the RRIM Rubber Growers Conference, Johore, 1987; p261-280
650 ## - SUBJECT ADDED ENTRY--TOPICAL TERM
Topical Term Bark consumption
650 ## - SUBJECT ADDED ENTRY--TOPICAL TERM
Topical Term Rollmark
650 ## - SUBJECT ADDED ENTRY--TOPICAL TERM
Topical Term Tapping
942 ## - ADDED ENTRY ELEMENTS (KOHA)
Koha item type Journals
Holdings
Withdrawn status Lost status Damaged status Not for loan Home library Current library Shelving location Date acquired Koha item type
      Journals RRII Library RRII Library Physiology 17/12/2021 Journals